000
00262nam a2200109Ia 4500
008
190216s9999||||xx |||||||||||||| ||und||
100
_a
Seshadri P K
245
4
_a
The Golden Quill An Anthology Of Poetry
260
_b
Macmillan
650
_a
English
942
_c
BK
999
_c
13248
_d
13248